000 00258nam a2200109Ia 4500
008 231212s1980 xx 000 0 und d
041 _aeng
082 _a621.384
100 _aNovakovsky S.V.
245 _aColour Television
260 _aMascow
_bMir Pub
_c1980
999 _c958508
_d958508